00623 a2200169 45000010006000000050017000060080041000230030015000640400040000790800056001192450045001750200018002202640044002383000019002825050118003011000034004195322020260407155806.0260407a1984 arg spa dAR-UNSa-BCEJYS aAR-UNSa-BCEJYSbspacAR-UNSa-BCEJYS a331.105.44xOrganizaciones de empleados. Sindicatos10aSindicalismopFactor de poder político a950-14-0195-2 1aBuenos Aires :bEdiciones Depalmac1984 a207 p.c20 cm. a1. El sindicalismo - 2. El dirigente sindical -3. El poder sindical - 4. Institucionalización del sindicalismo1 adel Castillo, Efraín Raúl